Top 20 de la draft NBA 2023 - Statistiques

Statistiques générales
  • Ce quiz a été pris 481 fois
  • Le résultat moyen est 10 sur 20
Statistiques - réponses
Numéro du pick Franchise Joueur % Correct
1 San Antonio Spurs Victor Wembanyama
97%
2 Charlotte Hornets Brandon Miller
93%
3 Portland Trail Blazers Scoot Henderson
93%
4 Houston Rockets Amen Thompson
88%
5 Detroit Pistons Ausar Thompson
88%
7 Indiana Pacers Bilal Coulibaly
80%
6 Orlando Magic Anthony Black
60%
13 Toronto Raptors Gradey Dick
57%
12 Oklahoma City Thunder Dereck Lively II
52%
18 Miami Heat Jaime Jaquez Jr
47%
16 Utah Jazz Keyonte George
41%
20 Houston Rockets Cam Whitmore
39%
19 Golden State Warriors Brandin Podziemski
38%
8 Washington Wizards Jarace Walker
31%
10 Dallas Mavericks Cason Wallace
30%
14 New Orleans Pelicans Jordan Hawkins
23%
17 Los Angeles Lakers Jalen Hood-Schifino
22%
9 Utah Jazz Taylor Hendricks
22%
15 Atlanta Hawks Kobe Bufkin
18%
11 Orlando Magic Jett Howard
15%
Aucun quiz correspondant
Distribution des résultats
% des personnes avec chaque résultat
Percentile par nombre de réponses
Votre historique - résultats
Vous n’avez pas pris ce quiz